00573nam a2200157Ia 4500008004100000082001900041100001200060245004300072260004000115300000800155630004300163730004300206942000900249999001900258952013800277100122s9999 xx 000 0 und d b30379a621.319 aSAY M G aPERFORMANCE AND DESIGN OF A.C.MACHINES bENGLISH LANGUAGE BOOK SOCIETYc1905 a664 aPERFORMANCE AND DESIGN OF A.C.MACHINES aPERFORMANCE AND DESIGN OF A.C.MACHINES cBOOK c369676d369673 00104070aSVPPARLEbSVPPARLEd1980-12-17g20.00l0o30379pSVPPARLE-30379r2010-01-25 00:00:00v20.00w2010-01-25yBOOKz", , , NA"